000 00334 a2200109 4500
001 ART_41791
005 20260410161814.0
008 260409a
245 1 0 _aA educaçao jurídica num mundo globalizado
100 1 _aPorto Macedo Junior, Ronaldo
773 0 _tAcademia
_g- Año 12, Nº 23 (ene./jun. 2014)
_wREV4314
999 _c21710
_d21710